[Event "CC Champ Final 2010"]
[Site "Voronezh (Russia)"]
[Date "2010.10.12"]
[Round "1.1"]
[White "Chekhov, Sergei"]
[Black "Avtsynov, Artyom"]
[Result "1-0"]
[WhiteElo "2315"]
[BlackElo "1969"]
[Annotator ""]
[Source ""]
[Remark ""]

1.d4 Nf6 2.Nc3 g6 3.e4 d6 4.g3 Bg7 5.Bg2 O-O 6.Nge2 e5 7.O-O
Nc6 8.d5 Ne7 9.h3 c6 10.a4 cxd5 11.exd5 Ne8 12.a5 Bd7 13.Ra3
f5 14.f4 e4 15.Be3 Nc7 16.Rb3 Qb8 17.Qd2 Rc8 18.Bd4 Bxd4+ 19.Qxd4
Rf8 20.Rd1 Na6 21.Rd2 Nc5 22.Ra3 b6 23.Nd1 bxa5 24.Rxa5 Qb6 25.b4
Na6 26.c3 Nc7 27.Ne3 Nb5 28.Qxb6 axb6 29.Rxa8 Rxa8 30.c4 Ra1+
31.Kf2 Na7 32.b5 Nac8 33.Nd4 Kf7 34.g4 Kf6 35.g5+ Kf7 36.Rb2
Ra4 37.Bf1 Ra3 38.Be2 Ke8 39.Ndc2 Ra4 40.Nb4 Ra3 41.Bd1 Kf7 42.Bb3
Ke8 43.Nec2 Ra5 44.Ke3 Ra7 45.Na6 Rb7 46.Nd4 Kf7 47.Nc6 Ke8 48.Ba4
Ng8 49.h4 Nge7 50.Rh2 Kf8 51.Kd4 Kg7 52.Ke3 Kf8 53.Nab4 Rc7 54.Ra2
Ke8 55.Bd1 Rb7 56.Ra8 Ng8 57.h5 Nge7 58.h6 Kf8 59.Be2 Ng8 60.Na6
Nge7 61.Bd1 Ng8 62.Kd2 Nge7 63.Kc3 Ng8 64.Nab8 Ke8 65.Kd2 Rc7
66.Be2 Rb7 67.Ke3 Rc7 68.Bd1 Rb7 69.Na6 Kf8 70.Nd8 Ra7 71.Rb8
Nge7 72.Nc6 Bxc6 73.dxc6 Ke8 74.Bb3 Kd8 75.c5 Nxc6 76.bxc6 Rxa6
77.cxd6 b5 78.Rxc8+ Kxc8 79.Be6+ 1-0

[Event "CC Champ Final 2010"]
[Site "Voronezh (Russia)"]
[Date "2010.10.12"]
[Round "1.2"]
[White "Mokshin, Maksim"]
[Black "Terentiev, Vitaly G"]
[Result "1/2-1/2"]
[WhiteElo "1968"]
[BlackElo "2282"]
[Annotator ""]
[Source ""]
[Remark ""]

1.c4 c6 2.Nc3 e5 3.d4 d6 4.Nf3 Nd7 5.e4 Ngf6 6.h3 Be7 7.Be3 a6
8.a4 a5 9.Be2 O-O 10.Qd2 Re8 11.g4 exd4 12.Nxd4 d5 13.exd5 cxd5
14.O-O Ne5 15.Ndb5 Bb4 16.cxd5 h5 17.f3 hxg4 18.hxg4 Ra6 19.Kg2
Nfxg4 20.fxg4 Rg6 21.g5 Be7 22.Ne4 Qd7 23.Rh1 Ng4 24.Bf4 Bb4
25.Qd3 Qf5 26.Raf1 Rxe4 27.Bc1 Qe5 28.Bf3 Ne3+ 29.Kf2 Ng4+ 30.Kg2
Ne3+ 31.Kf2 Ng4+ 1/2-1/2

[Event "CC Champ Final 2010"]
[Site "Voronezh (Russia)"]
[Date "2010.10.12"]
[Round "1.3"]
[White "Ponomariov, Timur"]
[Black "Aminov, Andrey"]
[Result "1-0"]
[WhiteElo "2257"]
[BlackElo "1948"]
[Annotator ""]
[Source ""]
[Remark ""]

1.e4 e5 2.Nf3 Nc6 3.Bc4 Nf6 4.d3 h6 5.O-O d6 6.c3 g6 7.d4 Qe7
8.Re1 Bg7 9.Nbd2 O-O 10.Nf1 Bg4 11.dxe5 Nxe5 12.Be2 Bxf3 13.Bxf3
Nxf3+ 14.Qxf3 Nd7 15.Ne3 Ne5 16.Qh3 Qe6 17.Qxe6 fxe6 18.Rd1 Rf7
19.b3 Raf8 20.f3 Nxf3+ 21.gxf3 Bxc3 22.Rb1 Rxf3 23.Rd3 Bb4 24.Rb2
Bc5 25.b4 Bb6 26.Kg2 d5 27.exd5 exd5 28.Rdb3 c6 29.Ng4 Rf1 30.Bxh6
Rg1+ 31.Kh3 Rf5 32.Rg2 Rh5+ 33.Kg3 Bc7+ 34.Kf2 Bb6+ 35.Be3 Rxg2+
36.Kxg2 Kf7 37.Bxb6 axb6 38.Kg3 Ke6 39.Re3+ Kd6 40.Rf3 d4 41.Rf6+
Kd5 42.Rxg6 Kc4 43.Rd6 Kc3 44.h4 Rb5 45.a3 d3 46.Nf2 1-0

[Event "CC Champ Final 2010"]
[Site "Voronezh (Russia)"]
[Date "2010.10.12"]
[Round "1.4"]
[White "Testova, Victoria"]
[Black "Provkin, Vladimir"]
[Result "0-1"]
[WhiteElo "1887"]
[BlackElo "2203"]
[Annotator ""]
[Source ""]
[Remark ""]

1.e4 c6 2.d4 g6 3.Nf3 d5 4.e5 Bg4 5.h3 Bxf3 6.Qxf3 e6 7.Bd3 h5
8.O-O Nh6 9.Be3 Nf5 10.Nd2 h4 11.Qe2 Be7 12.Nf3 Qb6 13.Rfd1 c5
14.dxc5 Bxc5 15.Bxc5 Qxc5 16.c4 dxc4 17.Bxc4 Nc6 18.Rac1 Qb6
19.Qe4 O-O 20.Qg4 Rad8 21.Bd3 Ncd4 22.Nxh4 Nxh4 23.Qxh4 Rd5 24.Qf6
Qd8 25.Qf4 b5 26.Qg4 Kg7 27.Re1 Rh8 28.Re3 Rh4 29.Qg3 Rh5 30.Kh2
Qa5 31.Bb1 Qd2 32.Rc7 Nf5 33.Bxf5 Rxf5 34.Rxa7 Qxb2 35.Qg4 Rd4
36.Qg3 Rdf4 37.f3 Rc4 38.Ra8 Qd4 39.Re4 Qd5 40.Qh4 Qxa8 0-1

[Event "CC Champ Final 2010"]
[Site "Voronezh (Russia)"]
[Date "2010.10.12"]
[Round "1.5"]
[White "Zhurikhin, Alexander"]
[Black "Popov, Kirill"]
[Result "1-0"]
[WhiteElo "1861"]
[BlackElo "1861"]
[Annotator ""]
[Source ""]
[Remark ""]

1.e4 c6 2.d4 d5 3.e5 c5 4.c4 Nc6 5.Nf3 Bg4 6.cxd5 Nxd4 7.Nxd4
Bxd1 8.Bb5+ Qd7 9.e6 fxe6 10.dxe6 Qxb5 11.Nxb5 Ba4 12.Nc7+ Kd8
13.Nxa8 Bc6 14.Bf4 Nh6 15.Nc3 Nf5 16.O-O-O+ Nd6 17.Nd5 Bxd5 18.Rxd5
b6 19.Re1 h6 20.Bxd6 exd6 21.Nc7 1-0

[Event "CC Champ Final 2010"]
[Site "Voronezh (Russia)"]
[Date "2010.10.12"]
[Round "1.6"]
[White "Gasparian, Haik"]
[Black "Katkov, Vitaly"]
[Result "0-1"]
[WhiteElo "1809"]
[BlackElo "2123"]
[Annotator ""]
[Source ""]
[Remark ""]

1.d4 Nf6 2.c4 e6 3.Nc3 Bb4 4.a3 Bxc3+ 5.bxc3 d5 6.cxd5 exd5 7.Bg5
h6 8.Bh4 Qd6 9.Bxf6 Qxf6 10.Nf3 c5 11.Qb3 c4 12.Qb5+ Qc6 13.Rb1
Nd7 14.e4 Qxb5 15.Rxb5 dxe4 16.Nd2 a6 17.Rb2 b5 18.Nxe4 Nb6 19.Be2
Ke7 20.Kd2 Bb7 21.Nc5 Bc6 22.Bf3 Bxf3 23.gxf3 Nd5 24.Re1+ Kd6
25.Rbb1 Rhb8 26.Re5 a5 27.Nd7 Rb7 28.Nc5 Rbb8 29.Nd7 f6 30.Rxd5+
Kxd5 31.Nxb8 Rxb8 32.h4 g5 33.h5 b4 34.cxb4 axb4 35.axb4 Kxd4
36.Kc2 Ra8 37.Rd1+ Ke5 38.Kc3 Ra3+ 39.Kxc4 Rxf3 40.Rd2 f5 41.b5
Ra3 42.b6 Ra8 43.Kc5 g4 44.b7 Rg8 45.Kc6 f4 46.Rd3 Kf5 47.Kc7
Kg5 48.Rd4 g3 49.f3 g2 50.Rd1 Kh4 51.b8Q Rxb8 52.Kxb8 Kg3 53.Kc7
Kxf3 54.Kd6 Ke2 55.Ra1 f3 56.Ke5 f2 0-1

[Event "CC Champ Final 2010"]
[Site "Voronezh (Russia)"]
[Date "2010.10.12"]
[Round "1.7"]
[White "Golovchanov, Artiom"]
[Black "Kutliev, Rustam"]
[Result "1/2-1/2"]
[WhiteElo "2082"]
[BlackElo "1809"]
[Annotator ""]
[Source ""]
[Remark ""]

1.e4 e6 2.d4 d5 3.e5 c5 4.c3 Nc6 5.Nf3 Qb6 6.a3 Bd7 7.b4 cxd4
8.cxd4 Rc8 9.Bb2 Na5 10.Nbd2 Nc4 11.Nxc4 dxc4 12.Rc1 Qa6 13.Ng5
b5 14.d5 exd5 15.Qxd5 Nh6 16.Qd2 Qg6 17.Be2 Be7 18.h4 Bc6 19.Rh3
Nf5 20.e6 fxe6 21.f4 Rd8 22.Qc2 Bxg2 23.Rh2 Bd5 24.Bg4 1/2-1/2

[Event "CC Champ Final 2010"]
[Site "Voronezh (Russia)"]
[Date "2010.10.12"]
[Round "1.8"]
[White "Shabunin, Danil"]
[Black "Sokolovsky, Victor"]
[Result "0-1"]
[WhiteElo "1730"]
[BlackElo "2068"]
[Annotator ""]
[Source ""]
[Remark ""]

1.e4 e5 2.Nf3 Nc6 3.d4 d6 4.Bb5 Bg4 5.d5 a6 6.Bxc6+ bxc6 7.dxc6
f5 8.Nc3 Nf6 9.Bg5 Be7 10.Qd3 Bxf3 11.Qxf3 fxe4 12.Nxe4 O-O 13.Qb3+
Kh8 14.Nxf6 Bxf6 15.Bxf6 Qxf6 16.O-O Rab8 17.Qc3 d5 18.b3 d4
19.Qc5 Rb5 20.Qa3 e4 21.Rad1 Rd5 22.Qxa6 h5 23.Qe2 Qf5 24.f3
e3 25.Rfe1 Rf6 26.Qd3 Qg5 27.Rxe3 dxe3 28.Qxd5 Rd6 29.Qxd6 cxd6
30.c7 Qc5 31.Kf1 Qxc2 32.Rxd6 Qf2# 0-1

[Event "CC Champ Final 2010"]
[Site "Voronezh (Russia)"]
[Date "2010.10.12"]
[Round "1.9"]
[White "Ioffe, Evgeny"]
[Black "Agibalov, Ilya"]
[Result "1-0"]
[WhiteElo "2055"]
[BlackElo "1698"]
[Annotator ""]
[Source ""]
[Remark ""]

1.e4 e5 2.Nf3 Nc6 3.Bc4 Bc5 4.c3 Nf6 5.d3 d6 6.Bb3 h6 7.Nbd2
Bg4 8.O-O O-O 9.Re1 Kh8 10.Nf1 Nh7 11.h3 Be6 12.Ng3 a6 13.Qe2
Bxb3 14.axb3 Nf6 15.Nf5 Ne7 16.N3h4 Nfg8 17.b4 Nxf5 18.Nxf5 Ba7
19.Qg4 Qf6 20.Be3 g6 21.Ng3 Bxe3 22.Rxe3 Qg7 23.f4 h5 24.Qh4
exf4 25.Qxf4 Rae8 26.Rf1 Re6 27.Ref3 Rf6 28.Qg5 Rxf3 29.Rxf3
f6 30.Qd5 b6 31.Qb7 a5 32.bxa5 bxa5 33.Qa7 a4 34.Qxa4 Rb8 35.b4
Nh6 36.b5 Nf7 37.d4 Ng5 38.Re3 h4 39.Nf1 Qd7 40.c4 Re8 41.Qc2
Kg7 42.Qe2 c6 43.Nd2 c5 44.dxc5 dxc5 45.Rd3 Qc7 46.Qg4 Rd8 47.Rd5
Rxd5 48.exd5 Qe5 49.Qxh4 Qa1+ 50.Kh2 Qe5+ 51.Qg3 Qd4 52.b6 Qxd2
53.b7 Ne4 54.Qc7+ Kh6 55.b8Q 1-0

[Event "CC Champ Final 2010"]
[Site "Voronezh (Russia)"]
[Date "2010.10.12"]
[Round "1.10"]
[White "Korotchenkov, Victor"]
[Black "Chernyshova, Natalia"]
[Result "0-1"]
[WhiteElo "1664"]
[BlackElo "2045"]
[Annotator ""]
[Source ""]
[Remark ""]

1.e4 c5 2.Nf3 Nc6 3.c3 Nf6 4.e5 Nd5 5.Bc4 Nb6 6.Bb3 d5 7.exd6
e6 8.d4 cxd4 9.Nxd4 Nxd4 10.Qxd4 Qxd6 11.Be3 e5 12.Qxd6 Bxd6
13.Bxb6 axb6 14.Na3 Bxa3 15.bxa3 Rxa3 16.O-O f5 17.Rfe1 Ra5 18.Rad1
Ke7 19.Rd2 Rd8 20.Ree2 Rxd2 21.Rxd2 Rc5 22.Rc2 Be6 23.f3 b5 24.Kf2
f4 25.Ke2 Bf5 26.Rc1 g5 27.Kd2 Rc8 28.Bc2 Rd8+ 29.Ke2 Be6 30.Bd3
Bc4 31.Bxc4 bxc4 32.Rb1 Rd7 33.Rb4 Rc7 34.Rb6 Kd7 35.Rh6 Kd8
36.Rf6 Rc5 37.Rf7 Ra5 38.Rxb7 Rxa2+ 39.Kf1 Rc2 40.Rxh7 Rxc3 41.h4
gxh4 42.Rxh4 Re3 43.Kf2 c3 44.Rh1 Kd7 45.Re1 Rxe1 46.Kxe1 Kd6
47.Ke2 Kc5 0-1

[Event "CC Champ Final 2010"]
[Site "Voronezh (Russia)"]
[Date "2010.10.12"]
[Round "1.14"]
[White "Koshelev, Vladimir"]
[Black "Kornilov, Peter"]
[Result "0-1"]
[WhiteElo "2054"]
[BlackElo "2054"]
[Annotator ""]
[Source ""]
[Remark ""]

1.d4 Nf6 2.Nf3 e6 3.g3 c5 4.Bg2 Nc6 5.c3 cxd4 6.Nxd4 Qb6 7.Nb3
d5 8.Be3 Qc7 9.Bg5 Be7 10.Na3 Bxa3 11.Bxf6 gxf6 12.bxa3 Ne5 13.Qd4
Qe7 14.a4 O-O 15.O-O Nc6 16.Qh4 f5 17.Qxe7 Nxe7 18.f4 Bd7 19.Nc5
Bc6 20.a5 Bb5 21.Rfb1 Bxe2 22.Rxb7 Nc6 23.a6 Na5 24.Rb2 Bc4 25.Bf1
Rfc8 26.Nb7 Bxf1 27.Rxf1 Nc4 28.Rb4 Rc6 29.Ra4 Nd2 30.Rd1 Ne4
31.c4 dxc4 32.Rd4 c3 33.Na5 c2 34.Nb3 c1Q+ 35.Nxc1 Rxc1+ 36.Kg2
Rc2+ 37.Kg1 Rac8 0-1

[Event "CC Champ Final 2010"]
[Site "Voronezh (Russia)"]
[Date "2010.10.13"]
[Round "2.1"]
[White "Sokolovsky, Victor"]
[Black "Chekhov, Sergei"]
[Result "0-1"]
[WhiteElo "2068"]
[BlackElo "1972"]
[Annotator ""]
[Source ""]
[Remark ""]

1.e4 c5 2.Nf3 e6 3.d4 cxd4 4.Nxd4 a6 5.Bd3 Bc5 6.c3 d6 7.O-O
Nf6 8.b4 Ba7 9.Be3 O-O 10.Nd2 Nbd7 11.Kh1 d5 12.f4 dxe4 13.Nxe4
Nd5 14.Rf3 e5 15.Nf5 Nxe3 16.Nxe3 Bxe3 17.Rxe3 exf4 18.Rh3 g6
19.Qf3 Ne5 20.Qxf4 Bxh3 21.Qxe5 Qxd3 22.Nf6+ Kh8 23.Nd5+ f6 24.Nxf6
Qf5 25.Qe3 Qxf6 26.gxh3 Rae8 0-1

[Event "CC Champ Final 2010"]
[Site "Voronezh (Russia)"]
[Date "2010.10.13"]
[Round "2.2"]
[White "Kornilov, Peter"]
[Black "Ponomariov, Timur"]
[Result "1/2-1/2"]
[WhiteElo "2054"]
[BlackElo "2257"]
[Annotator ""]
[Source ""]
[Remark ""]

1.c4 e6 2.b3 d5 3.Bb2 Nf6 4.Nf3 Be7 5.g3 O-O 6.Bg2 Ne4 7.d3 Bb4+
8.Nfd2 Nf6 9.O-O b6 10.a3 Be7 11.b4 Bb7 12.Nb3 Nbd7 13.b5 a6
14.N1d2 axb5 15.cxb5 c5 16.e4 Qc7 17.Re1 Ne5 18.Bxe5 Qxe5 19.exd5
Qc7 20.dxe6 Bxg2 21.exf7+ Rxf7 22.Kxg2 Qd7 23.Nc4 Qxb5 24.Ne5
Rff8 25.Nd2 Nd5 26.Qg4 Rf6 27.Qc4 Qxc4 28.dxc4 Nc3 29.Nd7 Rd6
30.Nxb6 Rf8 31.Rxe7 Rxd2 32.Rf1 Nd1 33.Nd7 Rfxf2+ 34.Rxf2 Rxf2+
35.Kg1 Rc2 36.Nb6 Nb2 37.Re4 Kf7 38.a4 Rc1+ 39.Kg2 Ra1 40.Re5
Nxa4 41.Nxa4 Rxa4 42.Rxc5 Ra2+ 1/2-1/2

[Event "CC Champ Final 2010"]
[Site "Voronezh (Russia)"]
[Date "2010.10.13"]
[Round "2.3"]
[White "Provkin, Vladimir"]
[Black "Ioffe, Evgeny"]
[Result "1-0"]
[WhiteElo "2203"]
[BlackElo "2055"]
[Annotator ""]
[Source ""]
[Remark ""]

1.d4 d5 2.Bg5 h6 3.Bh4 c6 4.e3 Qb6 5.Qc1 e5 6.Nf3 exd4 7.exd4
Be7 8.Bg3 Nf6 9.Bd3 O-O 10.O-O Bg4 11.Nbd2 Nbd7 12.h3 Be6 13.c3
Rfe8 14.b4 a5 15.a3 a4 16.Re1 Bf8 17.Qc2 Qd8 18.Re2 b5 19.Rae1
Nb6 20.Ne5 Qc8 21.Bh4 g5 22.Bg3 Nc4 23.Qc1 Bg7 24.Bb1 Nxe5 25.Bxe5
Bf5 26.Nf1 Bxb1 27.Qxb1 Nh5 28.g4 Nf4 29.Bxf4 Rxe2 30.Rxe2 gxf4
31.Nh2 Qd7 32.Nf3 Re8 33.Rxe8+ Qxe8 34.Qf5 Qe4 35.Qc8+ Kh7 36.Kg2
Qg6 37.Qc7 f5 38.Qxf4 fxg4 39.hxg4 h5 40.g5 Qc2 41.Nh4 Qd1 42.g6+
Kg8 43.Qf7+ Kh8 44.Qe8+ 1-0

[Event "CC Champ Final 2010"]
[Site "Voronezh (Russia)"]
[Date "2010.10.13"]
[Round "2.4"]
[White "Chernyshova, Natalia"]
[Black "Zhurikhin, Alexander"]
[Result "1-0"]
[WhiteElo "2045"]
[BlackElo "2173"]
[Annotator ""]
[Source ""]
[Remark ""]

1.e4 g6 2.d4 Bg7 3.c3 d6 4.Bg5 h6 5.Bh4 Nd7 6.Nd2 c6 7.Bc4 Ngf6
8.Bb3 O-O 9.f3 e5 10.Ne2 d5 11.O-O Qb6 12.Bf2 dxe4 13.Nxe4 Nxe4
14.fxe4 Qa5 15.d5 Nf6 16.Qd3 cxd5 17.exd5 Bf5 18.Qd2 Rfd8 19.Rad1
Ne4 20.Qe3 Bf8 21.d6 Rxd6 22.Rxd6 Nxd6 23.Ng3 b6 24.Nxf5 Nxf5
25.Qf3 Re8 26.Qc6 Nd6 27.Be3 Rd8 28.Qc7 Rc8 29.Bxf7+ Kg7 30.Qd7
Qb5 31.Qxa7 Qa5 32.Qd7 Qb5 33.Qe6 Qd3 34.Qxe5+ Kh7 35.Bd4 Nxf7
36.Rxf7+ Kg8 37.Rg7+ 1-0

[Event "CC Champ Final 2010"]
[Site "Voronezh (Russia)"]
[Date "2010.10.13"]
[Round "2.5"]
[White "Katkov, Vitaly"]
[Black "Chernov, Vladimir"]
[Result "0-1"]
[WhiteElo "2123"]
[BlackElo "1972"]
[Annotator ""]
[Source ""]
[Remark ""]

1.d4 d5 2.Nf3 Nf6 3.c4 c6 4.Nc3 e6 5.Bg5 h6 6.Bh4 dxc4 7.a4 Bb4
8.e3 b5 9.Nd2 Bb7 10.Qf3 Bxc3 11.bxc3 g5 12.Bg3 Nbd7 13.Be5 Nxe5
14.dxe5 Nd7 15.axb5 Nxe5 16.Qe4 Qd5 17.f4 Nd3+ 18.Bxd3 Qxd3 19.Qxd3
cxd3 20.Ne4 O-O-O 21.Rxa7 cxb5 22.Nd2 gxf4 23.exf4 Bxg2 24.Rg1
Bb7 25.Rg7 Rhg8 26.Rg3 Rge8 27.Kf2 e5 28.f5 e4 29.Ke3 Rd5 30.Rh3
Rxf5 31.Rxh6 Rfe5 32.Rh7 R5e7 33.Nb3 f5 34.Rxe7 Rxe7 35.Nc5 f4+
36.Kxf4 d2 0-1

[Event "CC Champ Final 2010"]
[Site "Voronezh (Russia)"]
[Date "2010.10.13"]
[Round "2.7"]
[White "Gritsenko, Vladimir"]
[Black "Mokshin, Maksim"]
[Result "1-0"]
[WhiteElo "2217"]
[BlackElo "1968"]
[Annotator ""]
[Source ""]
[Remark ""]

1.b3 Nf6 2.Bb2 e6 3.Nf3 b6 4.g3 Bb7 5.Bg2 Be7 6.O-O c5 7.c4 d6
8.Nc3 Nbd7 9.Re1 O-O 10.e4 a6 11.h3 Qc7 12.d3 Ne5 13.Nh2 Nfd7
14.f4 Nc6 15.Nf3 Bf6 16.Qd2 Nd4 17.Nh2 b5 18.Ng4 Be7 19.Ne2 Nxe2+
20.Rxe2 Rfe8 21.Rae1 Bf8 22.Qc3 e5 23.Rf1 b4 24.Qe1 Re7 25.Ne3
f6 26.h4 Rf7 27.Bh3 Re8 28.h5 Bc6 29.Ref2 a5 30.Qd1 Qa7 31.Bf5
Rfe7 32.Bg6 Rd8 33.Qg4 Nb6 34.Bf5 Kh8 35.Be6 Bd7 36.Bxd7 Qxd7
37.Qh4 h6 38.Nf5 Re6 39.Qg4 Qe8 40.Nh4 Nd7 41.Ng6+ Kg8 42.Bc1
Kh7 43.Kh2 Qf7 44.Bb2 Rde8 45.Bc1 Rd8 46.a3 Ra8 47.Be3 Ree8 48.axb4
axb4 49.Rg2 Ra3 50.Rb1 Rea8 51.Bc1 Ra1 52.Rxa1 Rxa1 53.Bb2 Ra2
54.Qxd7 1-0

[Event "CC Champ Final 2010"]
[Site "Voronezh (Russia)"]
[Date "2010.10.13"]
[Round "2.9"]
[White "Kutliev, Rustam"]
[Black "Shishkin, Alexander"]
[Result "1/2-1/2"]
[WhiteElo "1809"]
[BlackElo "2039"]
[Annotator ""]
[Source ""]
[Remark ""]

1.d4 Nf6 2.c4 e6 3.Nf3 d5 4.g3 Be7 5.Bg2 c5 6.O-O cxd4 7.Nxd4
Nc6 8.Nc3 O-O 9.cxd5 Nxd5 10.Nxd5 exd5 11.Bf4 Qb6 12.Nxc6 bxc6
13.Qc2 Bf6 14.Rac1 Bd7 15.b3 Rac8 16.Rfd1 Be6 17.Be3 d4 18.Bf4
c5 19.Qd2 c4 20.bxc4 Rxc4 21.Rxc4 Bxc4 22.Rc1 Qb5 23.Bf1 Qd5
24.Bg2 Qb5 25.Bf1 Qd5 26.Bg2 Qb5 1/2-1/2

[Event "CC Champ Final 2010"]
[Site "Voronezh (Russia)"]
[Date "2010.10.13"]
[Round "2.10"]
[White "Polyansky, Viktor"]
[Black "Gasparian, Haik"]
[Result "0-1"]
[WhiteElo "2028"]
[BlackElo "1809"]
[Annotator ""]
[Source ""]
[Remark ""]

1.e4 c5 2.Nf3 d6 3.d4 cxd4 4.Nxd4 Nf6 5.Nc3 g6 6.Be3 Bg7 7.Qd2
O-O 8.f3 Nc6 9.Bc4 Bd7 10.O-O-O Qa5 11.Kb1 Rfc8 12.Bb3 Ne5 13.Nd5
Qxd2 14.Rxd2 Nxd5 15.exd5 b5 16.Re1 a5 17.a3 Rab8 18.c3 b4 19.cxb4
axb4 20.a4 Ra8 21.f4 Nc4 22.Bxc4 Rxc4 23.b3 Rc3 24.Kb2 Rac8 25.Ka2
Bf6 26.Ree2 Bg4 27.Re1 R8c5 28.h3 Bd7 29.Nf3 Rc2+ 30.Kb1 Rxd2
31.Bxc5 Bf5+ 0-1

[Event "CC Champ Final 2010"]
[Site "Voronezh (Russia)"]
[Date "2010.10.13"]
[Round "2.11"]
[White "Avtsynov, Artyom"]
[Black "Shabunin, Danil"]
[Result "1-0"]
[WhiteElo "1969"]
[BlackElo "1730"]
[Annotator ""]
[Source ""]
[Remark ""]

1.Nf3 Nf6 2.g3 g6 3.Bg2 d6 4.O-O Bg7 5.d3 O-O 6.e4 e5 7.Nbd2
Nc6 8.c3 d5 9.Qe2 dxe4 10.dxe4 Be6 11.Nc4 Nh5 12.Be3 f5 13.exf5
Bxf5 14.Rad1 Qe7 15.Bg5 Qe6 16.Nfxe5 Kh8 17.Bd5 Bg4 18.Qxg4 Qxg4
19.Nxg4 Rf5 20.h4 Re8 21.Nge3 Rff8 22.Kg2 Ne5 23.Bxb7 Rb8 24.Nxe5
Rxb7 25.N5c4 h6 26.Be7 1-0

[Event "CC Champ Final 2010"]
[Site "Voronezh (Russia)"]
[Date "2010.10.13"]
[Round "2.12"]
[White "Aminov, Andrey"]
[Black "Korotchenkov, Victor"]
[Result "1-0"]
[WhiteElo "1948"]
[BlackElo "1664"]
[Annotator ""]
[Source ""]
[Remark ""]

1.e4 e5 2.Nf3 Nc6 3.d4 exd4 4.Nxd4 Nxd4 5.Qxd4 Qe7 6.Nc3 c6 7.Be2
Qd6 8.Be3 Qxd4 9.Bxd4 d6 10.O-O-O Be6 11.f4 O-O-O 12.Bxa7 Kc7
13.Be3 f6 14.Rhe1 Ne7 15.Bf3 h5 16.Na4 Ra8 17.Bb6+ Kc8 18.b3
d5 19.Nc5 Bg4 20.Bxg4+ hxg4 21.exd5 Rxa2 22.d6 Ra1+ 23.Kb2 Rxd1
24.Rxd1 Nd5 25.d7+ 1-0

[Event "CC Champ Final 2010"]
[Site "Voronezh (Russia)"]
[Date "2010.10.13"]
[Round "2.13"]
[White "Popov, Kirill"]
[Black "Koshelev, Vladimir"]
[Result "1/2-1/2"]
[WhiteElo "1861"]
[BlackElo "1916"]
[Annotator ""]
[Source ""]
[Remark ""]

1.e4 c5 2.Nf3 e6 3.d4 cxd4 4.Nxd4 Nf6 5.Nc3 Nc6 6.Be2 d6 7.O-O
Be7 8.Kh1 Nxd4 9.Qxd4 Qb6 10.Bb5+ Bd7 11.Bxd7+ Kxd7 12.Qd3 Ng4
13.f4 Rac8 14.e5 Rc6 15.Qg3 h5 16.f5 dxe5 17.fxe6+ Rxe6 18.Rxf7
Rf6 19.Rxf6 gxf6 20.Qd3+ Kc8 21.Qf5+ Kb8 22.h3 Qd4 23.Qf1 Bc5
24.Ne2 Qe4 25.c3 Qd3 26.b4 Nf2+ 27.Kh2 Ne4 28.Qf3 Qxf3 29.gxf3 1/2-1/2

[Event "CC Champ Final 2010"]
[Site "Voronezh (Russia)"]
[Date "2010.10.13"]
[Round "2.14"]
[White "Agibalov, Ilya"]
[Black "Testova, Victoria"]
[Result "1/2-1/2"]
[WhiteElo "1698"]
[BlackElo "1887"]
[Annotator ""]
[Source ""]
[Remark ""]

1.e4 c5 2.Nf3 d6 3.Bb5+ Nd7 4.c3 Ngf6 5.Qe2 a6 6.Ba4 b5 7.Bc2
g6 8.O-O Bg7 9.Rd1 e5 10.d4 cxd4 11.cxd4 Qe7 12.Bg5 O-O 13.Nc3
Bb7 14.dxe5 dxe5 15.Nd5 Bxd5 16.Rxd5 Qe8 17.Bxf6 Bxf6 18.Rad1
Rd8 19.Rd6 Qe7 20.Rxa6 Nc5 21.Rb6 Rxd1+ 22.Bxd1 Rd8 23.Bc2 b4
24.g3 Kg7 25.Rxb4 Nd3 26.Rb5 Nc1 27.Qc4 Qd6 28.a3 Rd7 29.Rd5
Qe6 30.Qf1 Rxd5 31.exd5 Qxd5 32.Qxc1 Qxf3 33.a4 e4 34.Bd1 Qf5
35.Qd2 Bg5 36.Qd4+ Bf6 37.Qb4 Qd5 38.Be2 Qe5 39.b3 e3 40.f3 Qb2
41.Qc4 Qb1+ 42.Kg2 Qa1 43.Qc6 Qa3 44.Qc4 h5 45.Qc2 Qb4 46.Qd3
Qc5 47.Qe4 Qc3 48.b4 Be5 49.a5 Bd6 50.a6 Bb8 51.Qb7 Qd2 52.Qb5
Ba7 53.Qc4 Qb2 54.b5 Bb6 1/2-1/2

[Event "CC Champ Final 2010"]
[Site "Voronezh (Russia)"]
[Date "2010.10.14"]
[Round "3.1"]
[White "Chekhov, Sergei"]
[Black "Chernyshova, Natalia"]
[Result "1/2-1/2"]
[WhiteElo "2315"]
[BlackElo "2045"]
[Annotator ""]
[Source ""]
[Remark ""]

1.d4 d5 2.c4 c6 3.Nc3 Nf6 4.e3 e6 5.Nf3 Nbd7 6.Bd3 dxc4 7.Bxc4
b5 8.Bb3 a6 9.O-O Bb7 10.Qe2 c5 11.Rd1 Qb6 12.a3 Ne4 13.Nxe4
Bxe4 14.Ng5 Bg6 15.d5 e5 16.e4 c4 17.Bc2 Rc8 18.Be3 Bc5 19.Bxc5
Nxc5 20.Qg4 O-O 21.h4 h6 22.Nh3 Nb7 23.h5 Bh7 24.Rac1 Nd6 25.Bb1
a5 26.Rc3 Kh8 27.Rg3 Rg8 28.Kh2 Qc7 29.f4 Qe7 30.Ng1 f5 31.exf5
e4 32.Qe2 Qh4+ 33.Nh3 Bxf5 34.Rf1 b4 35.Qd2 c3 36.bxc3 Nc4 37.Qd4
b3 38.Re1 Bxh3 39.gxh3 Qxf4 40.Rxe4 Qd2+ 41.Qxd2 Nxd2 42.Re1
Rge8 43.Rxe8+ Rxe8 44.Bg6 Re2+ 45.Kh1 b2 46.d6 Ne4 47.Bxe4 Rxe4
48.Rg1 Re3 49.Rb1 Rxh3+ 50.Kg2 Rd3 51.Rxb2 Rxd6 52.Rb5 Rd3 53.Rxa5
Rxc3 54.a4 Ra3 55.Ra8+ Kh7 56.Ra7 Kg8 57.Kh2 Kf8 1/2-1/2

[Event "CC Champ Final 2010"]
[Site "Voronezh (Russia)"]
[Date "2010.10.14"]
[Round "3.2"]
[White "Chernov, Vladimir"]
[Black "Provkin, Vladimir"]
[Result "1-0"]
[WhiteElo "1972"]
[BlackElo "2203"]
[Annotator ""]
[Source ""]
[Remark ""]

1.e4 c5 2.Nf3 d6 3.d4 Nf6 4.Nc3 cxd4 5.Nxd4 Nc6 6.Bg5 Bd7 7.Qd2
Rc8 8.f4 Qb6 9.Nb3 e6 10.Bxf6 gxf6 11.O-O-O a6 12.Kb1 Qc7 13.Be2
b5 14.f5 Ne5 15.fxe6 fxe6 16.Bh5+ Kd8 17.Ne2 Be7 18.Rhf1 Nc4
19.Qc1 e5 20.Nc3 Nb6 21.a3 Be6 22.Qh6 Rf8 23.Qxh7 a5 24.Nxa5
Kd7 25.Be2 Nc4 26.Nxc4 bxc4 27.Nb5 Bg8 28.Qh3+ Be6 29.Bg4 f5
30.Bxf5 Bxf5 31.Rxf5 1-0

[Event "CC Champ Final 2010"]
[Site "Voronezh (Russia)"]
[Date "2010.10.14"]
[Round "3.3"]
[White "Kornilov, Peter"]
[Black "Terentiev, Vitaly G"]
[Result "1/2-1/2"]
[WhiteElo "2054"]
[BlackElo "2282"]
[Annotator ""]
[Source ""]
[Remark ""]

1.Nf3 g6 2.c4 Bg7 3.Nc3 e5 4.d4 exd4 5.Nxd4 Nc6 6.Nxc6 bxc6 7.Qd3
Qe7 8.b3 Nf6 9.Bb2 O-O 10.Qd2 Bb7 11.e3 a5 12.Be2 a4 13.bxa4
c5 14.O-O Rfb8 15.Qc2 d6 16.Rab1 Nd7 17.Ba1 Nb6 18.Rb3 Bc6 19.Re1
Qe6 20.Nb5 Bxb5 21.axb5 Bxa1 22.Rxa1 1/2-1/2

[Event "CC Champ Final 2010"]
[Site "Voronezh (Russia)"]
[Date "2010.10.14"]
[Round "3.4"]
[White "Ponomariov, Timur"]
[Black "Gritsenko, Vladimir"]
[Result "1-0"]
[WhiteElo "2257"]
[BlackElo "2217"]
[Annotator ""]
[Source ""]
[Remark ""]

1.e4 c6 2.d4 d5 3.Nc3 dxe4 4.Nxe4 Nf6 5.Nxf6+ exf6 6.Bc4 Nd7
7.Ne2 Nb6 8.Bb3 Bd6 9.Bf4 O-O 10.O-O Bg4 11.Bxd6 Qxd6 12.f3 Be6
13.c3 Bc4 14.Re1 g6 15.Bxc4 Nxc4 16.b3 Nb6 17.c4 Qc7 18.Qd2 Rad8
19.Rad1 Rd7 20.Qf4 Qxf4 21.Nxf4 Rfd8 22.Ne2 a5 23.Kf2 Kf8 24.Ke3
Nc8 25.Nc3 f5 26.d5 cxd5 27.Nxd5 b5 28.Nc3 bxc4 29.Rxd7 Rxd7
30.bxc4 Nb6 31.c5 Nc4+ 32.Kf2 Nb2 33.Rb1 Nd3+ 34.Ke2 Nxc5 35.Rb5
Ne6 36.Rxa5 Nf4+ 37.Kf2 Rd3 38.Rc5 Ne6 39.Rc8+ Ke7 40.a4 Rd2+
41.Kf1 Kd7 42.Rc4 Nd4 43.Ke1 Rd3 44.a5 f4 45.a6 Nc6 46.Nb5 Rb3
47.a7 Rb1+ 48.Kd2 Ra1 49.Rxf4 f5 50.Rh4 h5 51.Rc4 Ra5 52.Ke3
g5 53.h4 g4 54.Kf4 Ne7 55.Rc7+ Ke6 56.Nd4+ Kd5 57.Rd7+ Kc4 58.Rxe7
Kxd4 59.Rd7+ Kc5 60.Kxf5 Kc6+ 61.Ke6 Ra2 62.fxg4 Re2+ 63.Kf7
Ra2 64.Re7 hxg4 65.h5 Kd6 66.h6 Rf2+ 67.Kg7 Ra2 68.Rf7 1-0

[Event "CC Champ Final 2010"]
[Site "Voronezh (Russia)"]
[Date "2010.10.14"]
[Round "3.5"]
[White "Zhurikhin, Alexander"]
[Black "Kutliev, Rustam"]
[Result "1-0"]
[WhiteElo "2173"]
[BlackElo "1809"]
[Annotator ""]
[Source ""]
[Remark ""]

1.e4 e6 2.d4 d5 3.Nc3 Bb4 4.e5 c5 5.Bd2 Bxc3 6.Bxc3 cxd4 7.Qxd4
Ne7 8.Nf3 Nbc6 9.Qf4 Ng6 10.Qg3 Bd7 11.h4 Nce7 12.Bd3 h5 13.Bb4
Qb6 14.Bxe7 Nxe7 15.O-O g6 16.Ng5 Bb5 17.Qf4 Bxd3 18.cxd3 Nf5
19.Qa4+ Qc6 20.Qa3 Nxh4 21.Rac1 Qd7 22.Rc2 Qd8 23.Qa4+ Kf8 24.Qxh4
Rc8 25.Qf4 1-0

[Event "CC Champ Final 2010"]
[Site "Voronezh (Russia)"]
[Date "2010.10.14"]
[Round "3.7"]
[White "Golovchanov, Artiom"]
[Black "Avtsynov, Artyom"]
[Result "1-0"]
[WhiteElo "2082"]
[BlackElo "1969"]
[Annotator ""]
[Source ""]
[Remark ""]

1.e4 d6 2.d4 Nf6 3.Nc3 g6 4.f4 Bg7 5.e5 Nfd7 6.Nf3 O-O 7.h4 c5
8.h5 cxd4 9.Qxd4 Nc6 10.Qf2 dxe5 11.hxg6 fxg6 12.Bc4+ Rf7 13.Ng5
Nf6 14.Nxf7 Qc7 15.fxe5 Nh5 16.Nd5 Qb8 17.Bh6 Bf5 18.Rxh5 e6
19.Rxf5 gxf5 20.Qg3 Qf8 21.Bxg7 Qxg7 22.Qxg7+ Kxg7 23.Nc7 Rc8
24.Ng5 1-0